Quiz o Algierii - Statystyki

Ogólne statystyki
  • Ten quiz został rozwiązany 11 razy
    10 od ostatniego zresetowania
  • Średni wynik to 7 z 9
Statystyki odpowiedzi
Zagadnienie Odpowiedź % Poprawnych
Gdzie leży Algieria? Afryka Północna
100%
Jaka jest jej stolica? Algier
100%
Które z tych posiłków jest z Algierii? Kuskus z groszkiem i jajkiem
100%
Nad jakim morzem leży Algieria? Śródziemnym
100%
Jakiego koloru nie ma na fladze Algierii Żółty
100%
Który z tych krajów nie graniczy z Algierią? Czad
75%
Który z tych znanych piłkarzy ma pochodzenie Algierskie? Mbappe
50%
Które miejsce zajmuje Algieria pod względem wielkości? 1
25%
Czy Algieria dotyka równika? Nie
25%
Nie znaleziono quizów pasujących do podanych kryteriów
Rozkład punktacji
Procent ludzi z każdym wynikiem
Percentyl według liczby udzielonych odpowiedzi
Twoja historia wyników
Nie rozwiązałeś tego quizu od ostatniego zresetowania